[Event "Russian Rapid Championship (m)"]
[Site "Sochi"]
[Date "2022.10.15"]
[Round "5.14"]
[White "Derjabin, Ilja"]
[Black "Zvjaginsev, Vadim"]
[Result "1/2-1/2"]
[BlackElo "2498"]
[WhiteElo "2342"]
[LiveChessVersion "1.4.8"]

1. d4 {[%clk 0:13:06]} d6 {[%clk 0:15:07]} 2. c4 {[%clk 0:13:14]} e5
{[%clk 0:15:14]} 3. d5 {[%clk 0:13:22]} a5 {[%clk 0:14:49]} 4. Nc3
{[%clk 0:13:22]} Be7 {[%clk 0:14:45]} 5. e4 {[%clk 0:13:07]} Bg5 {[%clk 0:14:40]}
6. Nge2 {[%clk 0:13:05]} Bxc1 {[%clk 0:14:05]} 7. Nxc1 {[%clk 0:13:10]} Nh6
{[%clk 0:13:32]} 8. Be2 {[%clk 0:13:01]} O-O {[%clk 0:13:39]} 9. O-O
{[%clk 0:13:07]} f5 {[%clk 0:13:31]} 10. Nd3 {[%clk 0:12:42]} fxe4
{[%clk 0:13:15]} 11. Nxe4 {[%clk 0:12:49]} Bf5 {[%clk 0:13:19]} 12. f3
{[%clk 0:12:43]} Bxe4 {[%clk 0:12:02]} 13. fxe4 {[%clk 0:12:51]} Rxf1+
{[%clk 0:12:05]} 14. Qxf1 {[%clk 0:12:38]} Nd7 {[%clk 0:11:48]} 15. Bf3
{[%clk 0:11:29]} b6 {[%clk 0:10:58]} 16. Qc1 {[%clk 0:10:45]} Qe7
{[%clk 0:10:05]} 17. Qe3 {[%clk 0:10:46]} Rf8 {[%clk 0:09:10]} 18. Rf1
{[%clk 0:10:51]} Rf6 {[%clk 0:08:30]} 19. Be2 {[%clk 0:10:45]} Rxf1+
{[%clk 0:08:28]} 20. Kxf1 {[%clk 0:10:42]} Qh4 {[%clk 0:08:06]} 21. h3
{[%clk 0:10:11]} Nf6 {[%clk 0:07:41]} 22. Nf2 {[%clk 0:10:04]} Qf4
{[%clk 0:07:03]} 23. Qxf4 {[%clk 0:09:53]} exf4 {[%clk 0:07:12]} 24. Nd3
{[%clk 0:08:01]} g5 {[%clk 0:07:11]} 25. h4 {[%clk 0:07:44]} Nxe4
{[%clk 0:07:09]} 26. hxg5 {[%clk 0:07:52]} Nxg5 {[%clk 0:07:09]} 27. Nxf4
{[%clk 0:07:59]} Kf7 {[%clk 0:06:41]} 28. Bd3 {[%clk 0:07:34]} Kf6
{[%clk 0:05:59]} 29. Ke2 {[%clk 0:06:49]} Ng4 {[%clk 0:05:42]} 30. b3
{[%clk 0:06:07]} h6 {[%clk 0:04:56]} 31. g3 {[%clk 0:05:32]} Ke5 {[%clk 0:04:43]}
32. Bb1 {[%clk 0:04:57]} Kf6 {[%clk 0:02:42]} 33. Nh5+ {[%clk 0:05:00]} Kf7
{[%clk 0:02:34]} 34. Nf4 {[%clk 0:05:05]} Ne5 {[%clk 0:02:10]} 35. Bf5
{[%clk 0:04:55]} Kf6 {[%clk 0:02:15]} 36. g4 {[%clk 0:04:52]} a4 {[%clk 0:02:00]}
37. Ke3 {[%clk 0:04:47]} axb3 {[%clk 0:01:58]} 38. Ke4 1/2-1/2

[Event "Russian Rapid Championship (m)"]
[Site "Sochi"]
[Date "2022.10.15"]
[Round "5.15"]
[White "Iljin, Timofey"]
[Black "Gontcharov, Vladislav"]
[Result "1-0"]
[BlackElo "2366"]
[WhiteElo "2488"]
[LiveChessVersion "1.4.8"]

1. d4 {[%clk 0:15:19]} Nf6 {[%clk 0:15:17]} 2. c4 {[%clk 0:15:27]} e6
{[%clk 0:15:17]} 3. Nc3 {[%clk 0:15:35]} Bb4 {[%clk 0:14:28]} 4. e3
{[%clk 0:15:43]} b6 {[%clk 0:14:24]} 5. Bd3 {[%clk 0:15:50]} Bb7 {[%clk 0:14:26]}
6. Nf3 {[%clk 0:15:58]} O-O {[%clk 0:14:29]} 7. O-O {[%clk 0:16:04]} Bxc3
{[%clk 0:13:18]} 8. bxc3 {[%clk 0:16:12]} Be4 {[%clk 0:13:26]} 9. Be2
{[%clk 0:15:58]} d6 {[%clk 0:13:29]} 10. Nd2 {[%clk 0:15:58]} Bb7
{[%clk 0:13:34]} 11. Bd3 {[%clk 0:15:32]} e5 {[%clk 0:12:29]} 12. e4
{[%clk 0:13:00]} Re8 {[%clk 0:11:51]} 13. Re1 {[%clk 0:13:03]} Nbd7
{[%clk 0:11:57]} 14. f3 {[%clk 0:12:42]} Nf8 {[%clk 0:10:51]} 15. Nf1
{[%clk 0:12:31]} Ne6 {[%clk 0:10:57]} 16. Bc2 {[%clk 0:11:51]} exd4
{[%clk 0:08:15]} 17. cxd4 {[%clk 0:12:00]} c5 {[%clk 0:08:24]} 18. Ba4
{[%clk 0:11:28]} Re7 {[%clk 0:07:15]} 19. d5 {[%clk 0:11:31]} Nf8
{[%clk 0:06:41]} 20. Bb2 {[%clk 0:11:24]} N6d7 {[%clk 0:05:57]} 21. Ne3
{[%clk 0:11:27]} Ng6 {[%clk 0:05:10]} 22. Nf5 {[%clk 0:11:27]} Nde5
{[%clk 0:05:19]} 23. Rc1 {[%clk 0:06:57]} Bc8 {[%clk 0:05:02]} 24. Nxe7+
{[%clk 0:07:05]} Qxe7 {[%clk 0:05:11]} 25. Qd2 {[%clk 0:06:50]} Ba6
{[%clk 0:03:29]} 26. f4 {[%clk 0:05:53]} Nd7 {[%clk 0:02:34]} 27. Bxd7
{[%clk 0:04:26]} Qxd7 {[%clk 0:02:43]} 28. f5 {[%clk 0:04:19]} Ne5
{[%clk 0:02:27]} 29. Bxe5 dxe5 {[%clk 0:02:36]} 30. f6 {[%clk 0:04:34]} Qg4
{[%clk 0:01:54]} 31. Rc3 {[%clk 0:04:02]} Qh4 {[%clk 0:01:23]} 32. fxg7
{[%clk 0:03:50]} Bc8 {[%clk 0:00:52]} 33. h3 {[%clk 0:03:41]} Bd7
{[%clk 0:00:55]} 34. Rf3 {[%clk 0:03:30]} Rd8 {[%clk 0:00:57]} 35. Ref1
{[%clk 0:03:26]} Be8 {[%clk 0:01:05]} 36. Qe3 {[%clk 0:03:22]} Rd6
{[%clk 0:00:59]} 37. Rf5 {[%clk 0:03:28]} f6 {[%clk 0:00:43]} 38. Qf3
{[%clk 0:03:33]} Kxg7 {[%clk 0:00:37]} 39. Rxe5 {[%clk 0:03:39]} Bg6
{[%clk 0:00:21]} 40. Kh2 {[%clk 0:02:17]} Qh6 {[%clk 0:00:16]} 41. Re7+
{[%clk 0:02:19]} Kf8 {[%clk 0:00:25]} 42. e5 {[%clk 0:02:22]} Ke8 1-0

[Event "Russian Rapid Championship (m)"]
[Site "Sochi"]
[Date "2022.10.15"]
[Round "5.16"]
[White "Saidov, Bilukhadzh"]
[Black "Khegay, Dmitriy"]
[Result "0-1"]
[BlackElo "2486"]
[WhiteElo "2323"]
[LiveChessVersion "1.4.8"]

1. d4 {[%clk 0:15:18]} d6 {[%clk 0:15:10]} 2. e4 {[%clk 0:15:16]} Nf6
{[%clk 0:15:14]} 3. Nc3 {[%clk 0:15:22]} e5 {[%clk 0:15:19]} 4. dxe5
{[%clk 0:15:11]} dxe5 {[%clk 0:15:28]} 5. Qxd8+ {[%clk 0:15:09]} Kxd8
{[%clk 0:15:36]} 6. Bg5 {[%clk 0:15:15]} c6 {[%clk 0:15:45]} 7. O-O-O+
{[%clk 0:15:14]} Nbd7 {[%clk 0:15:53]} 8. Bc4 {[%clk 0:15:20]} Ke8
{[%clk 0:16:01]} 9. Nf3 {[%clk 0:15:05]} b5 {[%clk 0:15:50]} 10. Bd3
{[%clk 0:14:21]} Bc5 {[%clk 0:15:54]} 11. Rhf1 {[%clk 0:14:23]} Nh5
{[%clk 0:14:27]} 12. Be2 {[%clk 0:13:16]} h6 {[%clk 0:14:21]} 13. Bd2
{[%clk 0:13:00]} Nf4 {[%clk 0:11:49]} 14. Bxf4 {[%clk 0:12:20]} exf4
{[%clk 0:11:58]} 15. e5 {[%clk 0:12:00]} Bb6 {[%clk 0:09:56]} 16. Ne4
{[%clk 0:11:27]} Nf8 {[%clk 0:09:02]} 17. Nd6+ {[%clk 0:10:26]} Ke7
{[%clk 0:09:10]} 18. Nd4 {[%clk 0:10:12]} Bxd4 {[%clk 0:09:19]} 19. Rxd4
{[%clk 0:10:21]} Ng6 {[%clk 0:09:02]} 20. Bh5 {[%clk 0:09:29]} Rf8
{[%clk 0:05:44]} 21. Re1 {[%clk 0:04:15]} Be6 {[%clk 0:05:06]} 22. Bxg6
{[%clk 0:03:02]} fxg6 {[%clk 0:05:15]} 23. b3 {[%clk 0:01:56]} a5
{[%clk 0:04:48]} 24. a3 {[%clk 0:01:54]} g5 {[%clk 0:04:31]} 25. Kb2
{[%clk 0:02:01]} g4 {[%clk 0:04:20]} 26. Nb7 {[%clk 0:01:37]} Bd5
{[%clk 0:02:10]} 27. Red1 {[%clk 0:01:17]} Ke6 {[%clk 0:01:28]} 28. Nc5+
{[%clk 0:01:24]} Kf5 {[%clk 0:01:12]} 29. g3 {[%clk 0:01:20]} g5 {[%clk 0:01:17]}
30. c4 {[%clk 0:00:56]} bxc4 {[%clk 0:01:24]} 31. bxc4 {[%clk 0:01:05]} Bf3
{[%clk 0:01:31]} 32. Re1 {[%clk 0:00:50]} Rfe8 {[%clk 0:00:23]} 33. e6
{[%clk 0:00:37]} a4 {[%clk 0:00:32]} 34. Rd6 {[%clk 0:00:26]} Ra5
{[%clk 0:00:33]} 35. Nd7 {[%clk 0:00:13]} Re7 {[%clk 0:00:41]} 36. Kc3
{[%clk 0:00:16]} Be4 {[%clk 0:00:23]} 37. Kb4 {[%clk 0:00:24]} Ra7
{[%clk 0:00:29]} 38. Nc5 {[%clk 0:00:31]} Bf3 {[%clk 0:00:35]} 39. Kc3
{[%clk 0:00:39]} Ra5 {[%clk 0:00:36]} 40. Kd4 {[%clk 0:00:45]} Kg6
{[%clk 0:00:35]} 41. Re5 {[%clk 0:00:26]} Ra8 {[%clk 0:00:36]} 42. Nd3
{[%clk 0:00:28]} fxg3 {[%clk 0:00:44]} 43. fxg3 {[%clk 0:00:35]} Rb8
{[%clk 0:00:36]} 44. Nc5 {[%clk 0:00:27]} Rb1 {[%clk 0:00:39]} 45. Rd7
{[%clk 0:00:33]} Kf6 {[%clk 0:00:41]} 46. Rxe7 {[%clk 0:00:31]} Kxe7
{[%clk 0:00:50]} 47. Rf5 {[%clk 0:00:36]} Rd1+ {[%clk 0:00:53]} 48. Kc3
{[%clk 0:00:31]} Kd6 {[%clk 0:01:02]} 49. Kb4 {[%clk 0:00:30]} Rc1
{[%clk 0:00:37]} 50. Ka5 {[%clk 0:00:13]} Rxc4 {[%clk 0:00:34]} 51. Re5
{[%clk 0:00:15]} Ke7 {[%clk 0:00:17]} 52. Kb6 {[%clk 0:00:23]} Bd5
{[%clk 0:00:14]} 53. Rf5 {[%clk 0:00:24]} Kd6 {[%clk 0:00:22]} 54. Re5
{[%clk 0:00:17]} Rxc5 {[%clk 0:00:30]} 55. e7 {[%clk 0:00:23]} Rb5+
{[%clk 0:00:38]} 56. Ka6 {[%clk 0:00:14]} Bc4 {[%clk 0:00:17]} 57. Re6+
{[%clk 0:00:14]} Bxe6 {[%clk 0:00:13]} 58. e8=Q {[%clk 0:00:22]} Rb3
{[%clk 0:00:18]} 59. Qh8 {[%clk 0:00:29]} c5 {[%clk 0:00:14]} 60. Qxh6
{[%clk 0:00:33]} c4 {[%clk 0:00:21]} 61. Qxg5 {[%clk 0:00:35]} c3
{[%clk 0:00:22]} 62. Qc1 {[%clk 0:00:16]} Kc6 {[%clk 0:00:20]} 63. Qh1+
{[%clk 0:00:11]} Bd5 {[%clk 0:00:27]} 64. Qc1 {[%clk 0:00:15]} Bc4+
{[%clk 0:00:26]} 65. Ka7 {[%clk 0:00:21]} Bd5 {[%clk 0:00:24]} 66. Ka6
{[%clk 0:00:24]} Bc4+ {[%clk 0:00:16]} 67. Ka7 {[%clk 0:00:32]} Bd5
{[%clk 0:00:13]} 68. Ka6 {[%clk 0:00:40]} Be6 {[%clk 0:00:21]} 69. Qh6
{[%clk 0:00:33]} Kd7 {[%clk 0:00:25]} 70. Ka5 {[%clk 0:00:25]} Kd6
{[%clk 0:00:12]} 71. Kxa4 {[%clk 0:00:17]} Rb7 {[%clk 0:00:11]} 72. Qf4+ Ke7 73.
Qg5+ {[%clk 0:00:23]} Ke8 {[%clk 0:00:30]} 74. Qg6+ {[%clk 0:00:27]} Ke7
{[%clk 0:00:32]} 75. Qg7+ {[%clk 0:00:35]} Bf7 {[%clk 0:00:41]} 76. Qxc3
{[%clk 0:00:41]} Kd7 {[%clk 0:00:20]} 77. Qd4+ {[%clk 0:00:45]} Kc7
{[%clk 0:00:27]} 78. Ka5 {[%clk 0:00:46]} Be8 {[%clk 0:00:27]} 79. Qe5+
{[%clk 0:00:35]} Kd8 {[%clk 0:00:36]} 80. Qg5+ {[%clk 0:00:40]} Kc7
{[%clk 0:00:37]} 81. Qxg4 {[%clk 0:00:47]} Ra7+ {[%clk 0:00:44]} 0-1

[Event "Russian Rapid Championship (m)"]
[Site "Sochi"]
[Date "2022.10.15"]
[Round "5.17"]
[White "Kezin, Roman"]
[Black "Vlasenko, Miroslav"]
[Result "0-1"]
[BlackElo "2312"]
[WhiteElo "2471"]
[LiveChessVersion "1.4.8"]

1. d4 {[%clk 0:15:19]} f5 {[%clk 0:15:19]} 2. Nf3 {[%clk 0:15:05]} Nf6
{[%clk 0:15:26]} 3. g3 {[%clk 0:15:14]} g6 {[%clk 0:15:35]} 4. Bg2
{[%clk 0:15:23]} Bg7 {[%clk 0:15:44]} 5. O-O {[%clk 0:15:32]} O-O
{[%clk 0:15:53]} 6. c4 {[%clk 0:15:41]} d6 {[%clk 0:16:02]} 7. Nc3 Qe8 8. Nd5
{[%clk 0:15:58]} Nxd5 {[%clk 0:16:20]} 9. cxd5 {[%clk 0:16:06]} Nd7
{[%clk 0:16:29]} 10. Ng5 {[%clk 0:16:07]} Nb6 {[%clk 0:16:37]} 11. a4
{[%clk 0:16:09]} c6 {[%clk 0:16:01]} 12. dxc6 {[%clk 0:11:34]} bxc6
{[%clk 0:16:10]} 13. d5 {[%clk 0:11:43]} c5 {[%clk 0:16:19]} 14. Qc2
{[%clk 0:10:17]} Rb8 {[%clk 0:16:28]} 15. h4 {[%clk 0:09:53]} Bd7
{[%clk 0:13:37]} 16. a5 {[%clk 0:05:14]} Na8 {[%clk 0:13:46]} 17. Re1
{[%clk 0:05:24]} Nc7 {[%clk 0:12:26]} 18. Ra2 {[%clk 0:05:20]} h6
{[%clk 0:10:47]} 19. Nh3 {[%clk 0:05:26]} e5 {[%clk 0:10:33]} 20. dxe6
{[%clk 0:04:54]} Bxe6 {[%clk 0:10:16]} 21. Ra3 {[%clk 0:04:22]} Nb5
{[%clk 0:06:28]} 22. Rd3 {[%clk 0:04:08]} Bf7 {[%clk 0:05:49]} 23. Nf4
{[%clk 0:04:01]} Nd4 {[%clk 0:05:27]} 24. Qd1 {[%clk 0:04:09]} Be5
{[%clk 0:04:26]} 25. e4 {[%clk 0:02:44]} Qb5 {[%clk 0:03:58]} 26. exf5
{[%clk 0:01:59]} gxf5 {[%clk 0:03:53]} 27. Nd5 {[%clk 0:02:03]} Kh7
{[%clk 0:02:35]} 28. b4 {[%clk 0:00:12]} Qc4 {[%clk 0:02:25]} 29. Rc3
{[%clk 0:00:11]} Qa2 {[%clk 0:02:14]} 30. Rxe5 {[%clk 0:00:11]} dxe5
{[%clk 0:02:14]} 31. Rxc5 {[%clk 0:00:14]} Rbd8 {[%clk 0:01:59]} 32. Nc3
{[%clk 0:00:14]} Qa1 {[%clk 0:01:45]} 33. Rc7 {[%clk 0:00:11]} Ne6
{[%clk 0:01:24]} 34. Rxf7+ {[%clk 0:00:17]} Rxf7 35. Qe1 {[%clk 0:00:11]} Rc7
{[%clk 0:01:08]} 36. Qe3 {[%clk 0:00:12]} Nf4 {[%clk 0:00:31]} 37. gxf4
{[%clk 0:00:12]} Qxc3 {[%clk 0:00:36]} 38. Qxc3 {[%clk 0:00:13]} Rxc3
{[%clk 0:00:43]} 39. Be3 {[%clk 0:00:17]} a6 {[%clk 0:00:44]} 40. fxe5
{[%clk 0:00:24]} Re8 {[%clk 0:00:36]} 41. Bf1 Re6 {[%clk 0:00:30]} 42. Kh2
{[%clk 0:00:16]} Kg6 {[%clk 0:00:21]} 43. Bd4 {[%clk 0:00:17]} Rc1
{[%clk 0:00:27]} 44. Be2 {[%clk 0:00:25]} Rc2 {[%clk 0:00:31]} 45. Bf1
{[%clk 0:00:24]} Rc1 {[%clk 0:00:34]} 46. Be2 {[%clk 0:00:31]} Re1 47. Bc4
{[%clk 0:00:34]} Re4 {[%clk 0:00:19]} 48. Bxe6 {[%clk 0:00:38]} Rxh4+
{[%clk 0:00:28]} 49. Kg3 {[%clk 0:00:14]} Rxd4 {[%clk 0:00:37]} 50. Bc8
{[%clk 0:00:12]} Rxb4 {[%clk 0:00:44]} 51. Bxa6 {[%clk 0:00:16]} Ra4
{[%clk 0:00:51]} 52. Bb5 {[%clk 0:00:16]} f4+ {[%clk 0:00:29]} 53. Kg4
{[%clk 0:00:11]} h5+ {[%clk 0:00:27]} 54. Kf3 {[%clk 0:00:11]} Rxa5 55. Bd3+
{[%clk 0:00:12]} Kg5 {[%clk 0:00:40]} 56. Ke4 {[%clk 0:00:20]} h4
{[%clk 0:00:26]} 57. e6 {[%clk 0:00:13]} h3 {[%clk 0:00:19]} 58. e7
{[%clk 0:00:12]} Ra8 {[%clk 0:00:24]} 59. Ke5 {[%clk 0:00:14]} Re8
{[%clk 0:00:12]} 60. Ke6 {[%clk 0:00:13]} f3 {[%clk 0:00:21]} 61. Be4
{[%clk 0:00:11]} Kf4 {[%clk 0:00:31]} 62. Bc6 {[%clk 0:00:12]} Rxe7+
{[%clk 0:00:40]} 0-1

[Event "Russian Rapid Championship (m)"]
[Site "Sochi"]
[Date "2022.10.15"]
[Round "5.18"]
[White "Triapishko, Alexandr"]
[Black "Grigorjev, Iljya"]
[Result "0-1"]
[BlackElo "2304"]
[WhiteElo "2471"]
[LiveChessVersion "1.4.8"]

1. Nf3 {[%clk 0:15:05]} Nf6 {[%clk 0:15:18]} 2. g3 {[%clk 0:15:12]} g6
{[%clk 0:15:25]} 3. b3 {[%clk 0:15:21]} Bg7 {[%clk 0:15:34]} 4. Bb2
{[%clk 0:15:30]} O-O {[%clk 0:15:41]} 5. Bg2 {[%clk 0:15:38]} d5 {[%clk 0:15:20]}
6. O-O {[%clk 0:15:21]} c5 {[%clk 0:15:26]} 7. c4 {[%clk 0:15:23]} d4
{[%clk 0:15:34]} 8. b4 {[%clk 0:15:31]} Re8 {[%clk 0:15:20]} 9. bxc5
{[%clk 0:13:14]} e5 {[%clk 0:15:28]} 10. d3 {[%clk 0:11:26]} Nfd7
{[%clk 0:15:36]} 11. Nbd2 {[%clk 0:10:24]} Nxc5 {[%clk 0:15:38]} 12. Ba3
{[%clk 0:09:59]} Qa5 {[%clk 0:14:53]} 13. Bxc5 {[%clk 0:09:39]} Qxc5
{[%clk 0:15:01]} 14. Ng5 {[%clk 0:08:06]} Qe7 {[%clk 0:14:17]} 15. Ngf3
{[%clk 0:06:30]} Nc6 {[%clk 0:14:16]} 16. Rb1 {[%clk 0:06:00]} Rb8
{[%clk 0:13:20]} 17. Ne1 {[%clk 0:04:25]} Bd7 {[%clk 0:12:42]} 18. Nc2
{[%clk 0:03:27]} b6 {[%clk 0:12:43]} 19. a3 {[%clk 0:02:57]} a5 {[%clk 0:10:23]}
20. Rb2 {[%clk 0:03:02]} Na7 {[%clk 0:10:04]} 21. Nb3 {[%clk 0:01:21]} Ba4
{[%clk 0:08:23]} 22. Qd2 {[%clk 0:01:15]} Qc7 {[%clk 0:07:53]} 23. Bd5
{[%clk 0:00:39]} Kh8 {[%clk 0:07:36]} 24. Rfb1 {[%clk 0:00:21]} f5
{[%clk 0:07:02]} 25. c5 {[%clk 0:00:15]} Nb5 {[%clk 0:05:54]} 26. cxb6
{[%clk 0:00:21]} Qd6 {[%clk 0:06:03]} 27. Bf7 {[%clk 0:00:11]} Rf8
{[%clk 0:06:03]} 28. Nxa5 {[%clk 0:00:13]} Nc3 {[%clk 0:04:59]} 29. Bb3
{[%clk 0:00:22]} Bxb3 {[%clk 0:04:39]} 30. Rxb3 {[%clk 0:00:22]} Nxb1
{[%clk 0:04:47]} 31. Rxb1 {[%clk 0:00:30]} Rxb6 {[%clk 0:04:55]} 32. Nb4
{[%clk 0:00:31]} Rbb8 {[%clk 0:04:42]} 33. Nc4 {[%clk 0:00:31]} Qe6
{[%clk 0:04:46]} 34. a4 {[%clk 0:00:15]} Rfc8 {[%clk 0:04:31]} 35. a5
{[%clk 0:00:11]} Bf8 {[%clk 0:04:40]} 36. Rb2 {[%clk 0:00:12]} Rb5
{[%clk 0:04:21]} 37. Na2 {[%clk 0:00:12]} Rcb8 {[%clk 0:03:50]} 38. Rxb5
{[%clk 0:00:15]} Rxb5 {[%clk 0:03:59]} 39. Qc2 {[%clk 0:00:13]} Be7
{[%clk 0:03:52]} 40. Nc1 {[%clk 0:00:13]} Bb4 {[%clk 0:02:59]} 41. Nb3
{[%clk 0:00:13]} Bc3 {[%clk 0:03:07]} 42. Qa2 {[%clk 0:00:17]} Qa6
{[%clk 0:02:38]} 43. Qa3 {[%clk 0:00:13]} Bb4 {[%clk 0:01:34]} 44. Qa1
{[%clk 0:00:12]} Kg7 {[%clk 0:01:35]} 45. f4 0-1

[Event "Russian Rapid Championship (m)"]
[Site "Sochi"]
[Date "2022.10.15"]
[Round "5.19"]
[White "Grebnev, Aleksey"]
[Black "Balashov, Yuri S"]
[Result "1-0"]
[BlackElo "2298"]
[WhiteElo "2469"]
[LiveChessVersion "1.4.8"]

1. d4 {[%clk 0:15:16]} Nf6 {[%clk 0:15:19]} 2. c4 {[%clk 0:15:24]} e6
{[%clk 0:15:27]} 3. Nc3 {[%clk 0:15:31]} Bb4 {[%clk 0:15:35]} 4. Nf3
{[%clk 0:15:35]} c5 {[%clk 0:15:39]} 5. e3 {[%clk 0:15:35]} Nc6 {[%clk 0:15:16]}
6. Bd2 {[%clk 0:15:37]} O-O {[%clk 0:14:43]} 7. Bd3 {[%clk 0:15:28]} cxd4
{[%clk 0:14:25]} 8. exd4 {[%clk 0:15:35]} d5 {[%clk 0:14:34]} 9. c5
{[%clk 0:14:36]} b6 {[%clk 0:13:36]} 10. a3 {[%clk 0:14:08]} Bxc3
{[%clk 0:13:43]} 11. Bxc3 {[%clk 0:14:16]} Ne4 {[%clk 0:12:58]} 12. Qc2
{[%clk 0:11:20]} bxc5 {[%clk 0:12:59]} 13. Bxe4 {[%clk 0:10:18]} dxe4
{[%clk 0:13:07]} 14. Qxe4 {[%clk 0:10:24]} cxd4 {[%clk 0:12:42]} 15. Rd1
{[%clk 0:04:59]} Qd5 {[%clk 0:11:05]} 16. Qxd5 {[%clk 0:04:59]} exd5
{[%clk 0:11:13]} 17. Nxd4 {[%clk 0:04:48]} Re8+ {[%clk 0:10:51]} 18. Kd2
{[%clk 0:03:30]} Nxd4 {[%clk 0:10:43]} 19. Bxd4 {[%clk 0:03:37]} Re4
{[%clk 0:09:56]} 20. Bc5 {[%clk 0:03:24]} Rc4 {[%clk 0:07:59]} 21. Rc1
{[%clk 0:03:29]} Be6 {[%clk 0:07:48]} 22. b3 {[%clk 0:03:02]} Rxc1
{[%clk 0:06:44]} 23. Rxc1 {[%clk 0:03:10]} a6 {[%clk 0:06:49]} 24. Bd4
{[%clk 0:03:07]} Rb8 {[%clk 0:05:13]} 25. b4 {[%clk 0:03:10]} Rc8
{[%clk 0:04:59]} 26. Bc5 {[%clk 0:03:07]} f6 {[%clk 0:04:12]} 27. Kd3
{[%clk 0:03:09]} Kf7 {[%clk 0:04:19]} 28. Kd4 {[%clk 0:03:17]} Bd7
{[%clk 0:03:44]} 29. f3 {[%clk 0:03:07]} Bc6 {[%clk 0:03:14]} 30. Rc2
{[%clk 0:02:55]} h5 {[%clk 0:03:19]} 31. Ra2 {[%clk 0:02:46]} Ba4
{[%clk 0:02:33]} 32. Rd2 {[%clk 0:02:01]} Bb3 {[%clk 0:02:24]} 33. Rb2
{[%clk 0:01:58]} Bc4 {[%clk 0:02:24]} 34. a4 {[%clk 0:02:07]} Rb8
{[%clk 0:02:26]} 35. Rb1 {[%clk 0:01:59]} Rb7 {[%clk 0:02:35]} 36. Re1
{[%clk 0:01:43]} Bb3 {[%clk 0:02:37]} 37. Ra1 {[%clk 0:01:52]} Rb8
{[%clk 0:02:36]} 38. b5 {[%clk 0:01:42]} axb5 {[%clk 0:02:45]} 39. a5
{[%clk 0:01:47]} Ra8 {[%clk 0:01:42]} 40. a6 {[%clk 0:01:54]} b4 {[%clk 0:01:25]}
41. a7 {[%clk 0:01:53]} Bc4 {[%clk 0:01:04]} 42. Bxb4 {[%clk 0:01:41]} g5
{[%clk 0:01:02]} 43. Bd6 Ke6 44. Bb8 {[%clk 0:01:30]} Kd7 {[%clk 0:00:56]} 45.
Re1 {[%clk 0:01:31]} h4 {[%clk 0:00:41]} 46. Kc5 {[%clk 0:01:30]} Ba6
{[%clk 0:00:16]} 47. Kb6 {[%clk 0:01:19]} Bc8 {[%clk 0:00:25]} 48. Rc1
{[%clk 0:01:14]} Kd8 {[%clk 0:00:15]} 49. Kc6 {[%clk 0:01:16]} d4
{[%clk 0:00:24]} 50. Rd1 {[%clk 0:01:22]} Rxb8 51. axb8=B 1-0

[Event "Russian Rapid Championship (m)"]
[Site "Sochi"]
[Date "2022.10.15"]
[Round "5.20"]
[White "Raetsky, Alexander"]
[Black "Kukhmazov, Arsen"]
[Result "0-1"]
[BlackElo "2459"]
[WhiteElo "2322"]
[LiveChessVersion "1.4.8"]

1. d4 {[%clk 0:15:19]} Nf6 {[%clk 0:15:19]} 2. c4 {[%clk 0:15:24]} e6
{[%clk 0:15:28]} 3. g3 {[%clk 0:15:33]} d5 {[%clk 0:15:03]} 4. Bg2
{[%clk 0:15:41]} dxc4 {[%clk 0:15:12]} 5. Nf3 {[%clk 0:15:48]} c6
{[%clk 0:15:21]} 6. Ne5 {[%clk 0:15:23]} Bb4+ {[%clk 0:15:29]} 7. Nc3
{[%clk 0:15:02]} Nd5 {[%clk 0:15:37]} 8. Bd2 {[%clk 0:14:33]} b5 {[%clk 0:15:45]}
9. O-O {[%clk 0:14:29]} O-O {[%clk 0:15:52]} 10. a4 {[%clk 0:11:58]} a5
{[%clk 0:15:59]} 11. e4 {[%clk 0:11:05]} Nc7 {[%clk 0:10:59]} 12. Be3
{[%clk 0:10:17]} Bb7 {[%clk 0:10:55]} 13. f4 {[%clk 0:04:18]} Nd7
{[%clk 0:10:42]} 14. Qe2 {[%clk 0:04:20]} f6 {[%clk 0:08:30]} 15. Nf3
{[%clk 0:03:49]} Be7 {[%clk 0:08:00]} 16. Rad1 {[%clk 0:03:14]} Qe8
{[%clk 0:07:50]} 17. Bf2 {[%clk 0:02:40]} b4 {[%clk 0:07:15]} 18. Nb1
{[%clk 0:02:49]} Ba6 {[%clk 0:07:25]} 19. Rfe1 {[%clk 0:02:55]} c5
{[%clk 0:05:10]} 20. d5 {[%clk 0:02:56]} exd5 {[%clk 0:05:20]} 21. exd5
{[%clk 0:02:57]} Bd6 {[%clk 0:05:29]} 22. Qc2 {[%clk 0:02:49]} Qd8
{[%clk 0:03:25]} 23. Nbd2 {[%clk 0:02:14]} Nb6 {[%clk 0:03:34]} 24. Ne4
{[%clk 0:02:21]} b3 {[%clk 0:03:43]} 25. Qc1 {[%clk 0:02:07]} Nxa4
{[%clk 0:03:47]} 26. Nfd2 {[%clk 0:01:58]} f5 {[%clk 0:03:04]} 27. Ng5
{[%clk 0:01:53]} Qf6 {[%clk 0:02:48]} 28. Nxc4 {[%clk 0:01:44]} Bxc4
{[%clk 0:02:52]} 29. Qxc4 {[%clk 0:01:53]} Nxb2 {[%clk 0:03:00]} 30. Qxb3
{[%clk 0:02:02]} a4 {[%clk 0:02:58]} 31. Qa2 {[%clk 0:01:59]} Nxd1
{[%clk 0:03:07]} 32. Rxd1 {[%clk 0:02:08]} Nb5 {[%clk 0:02:10]} 33. Rc1
{[%clk 0:01:53]} a3 {[%clk 0:02:04]} 34. Ne6 {[%clk 0:01:57]} Qb2
{[%clk 0:02:00]} 35. Rc2 {[%clk 0:00:57]} Qxa2 {[%clk 0:01:38]} 36. Rxa2
{[%clk 0:01:06]} Nc3 {[%clk 0:01:47]} 37. Ra1 {[%clk 0:01:15]} Rfb8
{[%clk 0:01:56]} 0-1